01402cam a22003734i 4500003000900000005001700009008004100026020001500067020001800082035002000100040003300120082002000153100003900173245009100212264005300303300005400356336002100410337002500431338002300456490003200479505041500511526000900926526000900935526000900944526000900953526000900962526000900971526000800980526000800988526000800996526000801004526000801012526000801020PE-LiUPU20250731184535.0170811s2010 pe a rb 000 0 spa d a9972221709 a9789972221705 a(Sirsi) a238242 aPE-LiUPUbspacPE-LiUPUerda04a985.25bF592221 aFlores Zuñiga, Fernando,eautor.10aHaciendas y puebos de Lima, Historias del valle del Rimac /cFernando Flores Zuñiga. 1aLima:beditorial del congreso del Perú,c2010. a727 páginas :bilustraciones ;c23 centimetros. atext2rdacontent aunmediated2rdamedia avolume2rdacarrier0 aHaciendas y pueblos de Lima0 aPrimera parte los orígenes -- Capítulos I Armatambo -- Capítulos II. El valle del rimac y la penetración española -- Capítulos III. Las composiciones de tierras y las haciendas en el valle de surco -- Capítulos IV. El río surco -- Capítulos V. Los antiguos asentamientos y su final reducción -- Capítulos VI. Las haciendas -- Capítulos VII. El río ate como canal accesorio al de surco aP136 aP135 aP134 aP133 aP144 aP143 aP87 aP35 aP20 aP14 aP10 aP06